Čas je cenný kapitál naučte sa pracovať so svojím časom efektívne

Manažment času zahŕňa metódy a techniky, ako plánovať čas, stanovovať priority pri plnení úloh, projektov, cieľov a tiež zosúlaďovanie osobných a firemých hodnôt. Disciplína a efektívna práca s časom. Metóda ALPEN a eliminácia menej dôležitých úloh formou ich delegovania.

Guardado en:
Detalles Bibliográficos
Autor principal: Dubnička, Ján
Formato: Capítulo de libro
Lenguaje:eslovaco
Materias:
Etiquetas: Agregar Etiqueta
Sin Etiquetas, Sea el primero en etiquetar este registro!

MARC

LEADER 00000naa a2200000 4500
001 0210143
005 20230912114528.5
041 0 |a slo 
044 |a SK 
245 1 0 |a Čas je cenný kapitál  |b naučte sa pracovať so svojím časom efektívne  |c Ján Dubnička 
520 |a Manažment času zahŕňa metódy a techniky, ako plánovať čas, stanovovať priority pri plnení úloh, projektov, cieľov a tiež zosúlaďovanie osobných a firemých hodnôt. Disciplína a efektívna práca s časom. Metóda ALPEN a eliminácia menej dôležitých úloh formou ich delegovania. 
610 2 0 |a manažment času 
610 2 0 |a plánovanie času 
610 2 0 |a organizácia času 
610 2 0 |a riadenie času 
610 2 0 |a režim pracovný 
610 2 0 |a delegovanie právomoci 
610 2 0 |a metódy riadenia 
100 1 |a Dubnička, Ján